00773nab a2200229uuc4500001000800000005001700008008004100025035001200066035002100078040001300099041000800112100002900120245008400149650003300233650001300266650003300279650003800312700002700350700002900377700003700406773010000443100130420241120090645.0061031s2002 spa  a1001304 a(OCoLC)820130732 ccomduadb aspa10aDaniels, Harry4auteaut10aCuestiones de equidad en educación especial desde la perspectiva de género. 7aEducación especial2armarc aGénero 7aIntegración escolar2embne aNecesidades educativas especiales10aHey, Valerie4auteaut10aLeonard, Diana4auteaut10aSmith Ferrer, Marjorie4auteaut0 tRevista de Educación (Madrid)gNo. 328, May.- Ago. 2002, p. 169-183w125904x0034-8082066535